000 00465ntaaa2200181 4500
003 01
005 20251027202929.0
008 0714s1973 ag 01
040 _aAR-BaBN
_bspa
_cAR-BaBN
_eaacr
_dRIC
082 _a922.6000 C18c
100 _aCarey, S. Pearce
245 _aWilliam Carey, D.D. Fellow of Linnaean Society
250 _a1 ed.
260 _aLondon :
_bHodder and Stoughton,
_c1923
300 _a428 p
650 _aCarey, William
_929727
942 _cBK
999 _c24551
_d24551